Katalog Plus
Bibliothek der Frankfurt UAS
Bald neuer Katalog: sichern Sie sich schon vorab Ihre persönlichen Merklisten im Nutzerkonto: Anleitung.

Proceedings of the 1st Workshop on Web 2.0 for Software Engineering

Titel: Proceedings of the 1st Workshop on Web 2.0 for Software Engineering
Verfasser:
Körperschaft:
Veröffentlicht: New York, NY : ACM, 2010
Umfang: 1 Online-Ressource (47 pages)
Format: E-Book
Sprache: Englisch
Schlagworte:
ISBN: 9781605589756
Buchumschlag
X
alg: 40466519
001A    $06055:26-06-17 
001B    $01999:09-05-26 $t10:20:48.000 
001D    $06055:26-06-17 
001U    $0utf8 
001X    $00 
002@    $0Oax 
002C    $aText $btxt $2rdacontent 
002D    $aComputermedien $bc $2rdamedia 
002E    $aOnline-Ressource $bcr $2rdacarrier 
003@    $0404665195 
004A    $A978-1-60558-975-6 
007A    $0404665195 $aHEB 
007I    $0ACM-1809198 
009Q    $SV34 $uhttp://portal.acm.org/toc.cfm?id=1809198 $xH 
010@    $aeng 
011@    $a2010 
013D    $RWissenschaftliche Literatur $RAufsatzsammlung $#Konferenzbericht $71071861417 $8Konferenzschrift [Tsz] $9359646190 
017B    $aZDB-15-ACM 
021A    $aProceedings of the 1st Workshop on Web 2.0 for Software Engineering 
027A    $aWeb2SE '10 
028A    $aTreude $BVerfasser $dChristoph $4aut 
029F/01 $aACM Special Interest Group on Software Engineering 
033A    $pNew York, NY $nACM 
033E    $pNew York, NY $nACM 
034D    $a1 Online-Ressource (47 pages) 
044A    $aComputer science $N650 
045E    $c004 

lok: 40466519 3
101B    $029-06-17 $t15:41:12.000 
101C    $029-06-17 
101U    $0utf8 
145S/01 $a013 

exp: 40466519 3 1 #EPN
201B/01 $009-05-26 $t10:20:48.033 
201U/01 $0utf8 
203@/01 $01002289890 
208@/01 $a26-06-17 $bl 
209B/01 $a502 $x05 
209S/01 $SV34 $uhttp://portal.acm.org/toc.cfm?id=1809198 $XH 

lok: 40466519 5

exp: 40466519 5 1 #EPN
201B/01 $009-05-26 $t10:20:48.038 
201U/01 $0utf8 
203@/01 $01002289904 
208@/01 $a26-06-17 $bl 
209S/01 $SV34 $uhttp://portal.acm.org/toc.cfm?id=1809198 $XH 

lok: 40466519 8

exp: 40466519 8 1 #EPN
201B/01 $009-05-26 $t10:20:48.041 
201U/01 $0utf8 
203@/01 $01002289912 
208@/01 $a26-06-17 $bl 
209S/01 $SV34 $uhttp://portal.acm.org/toc.cfm?id=1809198 $XH 

lok: 40466519 10

exp: 40466519 10 1 #EPN
201B/01 $009-05-26 $t10:20:48.044 
201U/01 $0utf8 
203@/01 $01002289920 
208@/01 $a26-06-17 $bl 
209S/01 $SV34 $uhttp://portal.acm.org/toc.cfm?id=1809198 $XH 

lok: 40466519 11

exp: 40466519 11 1 #EPN
201B/01 $009-05-26 $t10:20:48.048 
201U/01 $0utf8 
203@/01 $01002289939 
208@/01 $a26-06-17 $bl 
209S/01 $SV34 $uhttp://portal.acm.org/toc.cfm?id=1809198 $XH 

lok: 40466519 20

exp: 40466519 20 1 #EPN
201B/01 $009-05-26 $t10:20:48.051 
201U/01 $0utf8 
203@/01 $01002289947 
208@/01 $a26-06-17 $bl 
209S/01 $SV34 $uhttp://portal.acm.org/toc.cfm?id=1809198 $XH 

lok: 40466519 21

exp: 40466519 21 1 #EPN
201B/01 $009-05-26 $t10:20:48.054 
201U/01 $0utf8 
203@/01 $01002289955 
208@/01 $a26-06-17 $bl 
209S/01 $SV34 $uhttp://portal.acm.org/toc.cfm?id=1809198 $XH 

lok: 40466519 23

exp: 40466519 23 1 #EPN
201B/01 $009-05-26 $t10:20:48.057 
201U/01 $0utf8 
203@/01 $01002289963 
208@/01 $a26-06-17 $bl 
209S/01 $SV34 $uhttp://portal.acm.org/toc.cfm?id=1809198 $XH 

lok: 40466519 205

exp: 40466519 205 1 #EPN
201B/01 $009-05-26 $t10:20:48.152 
201U/01 $0utf8 
203@/01 $01002289998 
208@/01 $a26-06-17 $bl 
209S/01 $SV34 $uhttp://portal.acm.org/toc.cfm?id=1809198 $XH
LEADER 00000cam a22000002c 4500
001 404665195
003 DE-603
005 20260509102048.0
007 cr||||||||||||
008 170626s2010 xx |||| o| u10||u|eng c
020 |a 9781605589756 
035 |a (DE-599)HEB404665195 
040 |a DE-603  |b ger  |c DE-603  |d DE-603 
041 |a eng 
084 |a 004  |q DE-101  |2 sdnb 
100 1 |a Treude, Christoph  |e Verfasser  |4 aut 
245 0 0 |a Proceedings of the 1st Workshop on Web 2.0 for Software Engineering 
246 1 3 |a Web2SE '10 
264 1 |a New York, NY  |b ACM  |c 2010 
264 2 |a New York, NY  |b ACM 
300 |a 1 Online-Ressource (47 pages) 
336 |a Text  |b txt  |2 rdacontent 
337 |a Computermedien  |b c  |2 rdamedia 
338 |a Online-Ressource  |b cr  |2 rdacarrier 
655 7 |a Konferenzschrift  |2 gnd-content  |0 (DE-588)1071861417  |0 (DE-603)359646190 
710 2 |a ACM Special Interest Group on Software Engineering 
856 |u http://portal.acm.org/toc.cfm?id=1809198  |x Verlag 
912 |a ZDB-15-ACM 
924 1 |9 603  |a (DE-603)1002289890  |b DE-603  |c HES  |d d 
924 1 |9 603  |a (DE-603)1002289904  |b DE-603  |c HES  |d d 
924 1 |9 603  |a (DE-603)1002289912  |b DE-603  |c HES  |d d 
924 1 |9 603  |a (DE-603)1002289920  |b DE-603  |c HES  |d d 
924 1 |9 603  |a (DE-603)1002289939  |b DE-603  |c HES  |d d 
924 1 |9 603  |a (DE-603)1002289947  |b DE-603  |c HES  |d d 
924 1 |9 603  |a (DE-603)1002289955  |b DE-603  |c HES  |d d 
924 1 |9 603  |a (DE-603)1002289963  |b DE-603  |c HES  |d d 
924 1 |9 603  |a (DE-603)1002289998  |b DE-603  |c HES  |d d